|
|
|
|
| LEADER |
01195nam a22003137a 4500 |
| 001 |
18984 |
| 003 |
BD-DhAAL |
| 005 |
20230611111213.0 |
| 008 |
230611t1992 |||||||| b||| 00| 0 eng d |
| 020 |
|
|
|a 1555531520
|
| 020 |
|
|
|a 1555531539 (pbk. : alk. paper)
|
| 040 |
|
|
|a BD-DhAAL
|d BD-DhAAL
|
| 082 |
|
|
|a 305.42/01
|2 20
|
| 100 |
|
|
|a McNay, Lois.
|9 54567
|
| 245 |
|
|
|a Foucault and feminism :
|b power, gender, and the self /
|c Lois McNay.
|
| 260 |
|
|
|a Boston :
|b Northeastern University Press,
|c 1992.
|
| 300 |
|
|
|a 217 pages ;
|c 24 cm.
|
| 500 |
|
|
|a Originally published: Cambridge, England : Polity Press, 1992.
|
| 504 |
|
|
|a Includes bibliographical references (p. [203]-213) and index.
|
| 541 |
|
|
|a BDI
|e 18984
|
| 600 |
|
|
|a Foucault, Michel,
|d 1926-1984.
|
| 650 |
|
|
|a Feminist theory.
|
| 650 |
|
|
|a Sex role.
|
| 650 |
|
|
|a Power (Social sciences)
|9 54568
|
| 650 |
|
|
|a Self.
|
| 852 |
|
|
|a BRAC Institute of Governance and Development (BIGD)
|c General Stacks
|
| 942 |
|
|
|2 ddc
|c BK
|
| 999 |
|
|
|c 45857
|d 45857
|
| 952 |
|
|
|0 0
|1 0
|2 ddc
|4 0
|6 305_420100000000000_MCN
|7 0
|9 73763
|a BIGD
|b BIGD
|c GEN
|d 2023-06-11
|e BDI
|g 1617.83
|l 0
|o 305.4201 MCN
|p 3050018984
|r 2023-06-11
|w 0000-00-00
|y BK
|x Transfer from BDI to BIGD.
|